00626nam a2200205Ia 450000500170000000800410001702000150005808200150007310000150008824500870010326000360019030000120022665000130023865000270025165000120027865000120029094200060030295200970030899900150040520240924062507.0240331s9999 xx 000 0 und d a9068321633 bDARa745.5 aDartel D.V 0aCollector collected :bexploring Dutch colonial culture through the study of batik aAmsterdambKIT publishersc2005 a55 p ., aCultural aDutch colonial culture aHistory aSociety cL 001040708LaWERCLbWERCLcSSCd2024-03-31l0o 745.5 DARp5966r2024-03-31w2024-03-31yL c4435d4435